| Record ID | marc_columbia/Columbia-extract-20221130-002.mrc:217937339:1610 |
| Source | marc_columbia |
| Download Link | /show-records/marc_columbia/Columbia-extract-20221130-002.mrc:217937339:1610?format=raw |
LEADER: 01610cam a2200457 a 4500
001 673082
005 20200114164457.0
008 880809t19881988nju 001 0 eng
010 $a 88005934
020 $a0131103709
020 $a0131103628 (pbk.)
020 $a9780131103627 (pbk.)
035 $a(OCoLC)17650642
035 $a(OCoLC)ocm17650642
035 $a(CStRLIN)NYCG88-B59229
035 $9ACY1710CU
035 $a(NNC)673082
035 $a673082
050 00 $aQA76.73.C15$bK47 1988
082 0 $a005.13/3$219
090 $aQA76.73.C15$bK47 1988
100 1 $aKernighan, Brian W.$0http://id.loc.gov/authorities/names/n50044563
245 14 $aThe C programming language /$cBrian W. Kernighan, Dennis M. Ritchie.
250 $aSecond edition.
260 $aEnglewood Cliffs, N.J. :$bPrentice Hall,$c[1988], ©1988.
300 $axii, 272 pages ;$c25 cm
336 $atext$2rdacontent
337 $aunmediated$2rdamedia
338 $avolume$2rdacarrier
500 $aIncludes index.
650 0 $aC (Computer program language)$0http://id.loc.gov/authorities/subjects/sh85018532
700 1 $aRitchie, Dennis M.,$d1941-2011.$0http://id.loc.gov/authorities/names/n77018721
852 00 $bgsc$hQA76.73.C15$iK47 1988
852 00 $bsci$hQA76.73.C15$iK47 1988
852 00 $boff,eng$hQA76.73.C15$iK47 1988
852 00 $bsci$hQA76.73.C15$iK47 1988
852 00 $bsci$hQA76.73.C15$iK47 1988
852 00 $bsci$hQA76.73.C15$iK47 1988
852 00 $bbar,fli$kFLI PARTNER$hQA76.73.C15$iK47 1988
852 00 $bbar,fli$kFLI PARTNER$hQA76.73.C15$iK47 1988
852 00 $bbar$hQA76.73.C15$iK47 1988